[Event "19th Mikhail Chigorin Memorial"]
[Site "Sochi URS"]
[Date "1985.??.??"]
[Round "?"]
[White "Haik, Aldo"]
[Black "Vaisser, Anatoly"]
[WhiteElo "2455"]
[BlackElo "2490"]
[Result "1-0"]
[EventDate "1985.??.??"]
[PlyCount "167"]

1. d4 Nf6 2. c4 e6 3. Nc3 Bb4 4. Qc2 c5 5. dxc5 O-O 6. Nf3 Na6 7. Bd2 Nxc5 8. a3 Bxc3 9. Bxc3 b6 10. Nd2 Re8 11. b4 Nb7 12. Rd1 h6 13. Ne4 e5 14. e3 Rb8 15. Bd3 Nxe4 16. Bxe4 Qe7 17. Qd3 d6 18. O-O Be6 19. f4 f6 20. f5 Bf7 21. Bd5 Rec8 22. e4 Bxd5 23. cxd5 Qc7 24. Rc1 Qc4 25. Qe3 Qb5 26. Bd2 Qd7 27. Qd3 b5 28. Qb3 Nd8 29. Rf3 Rxc1+ 30. Bxc1 Rc8 31. Rc3 Qb7 32. Be3 Rxc3 33. Qxc3 Kf8 34. Kf2 a6 35. Kf3 Ke8 36. Kg4 Kf8 37. Bf2 Ke8 38. h4 Qd7 39. Bb6 g6 40. Qc2 Nf7 41. Kf3 gxf5 42. exf5 Qb7 43. Qc6+ Qxc6 44. dxc6 d5 45. g4 Nd6 46. Be3 Nf7 47. Bc5 Kd8 48. Bf8 Kc7 49. Be7 Kxc6 50. Bxf6 Kd7 51. g5 h5 52. g6 Nh6 53. Bxe5 Nxf5 54. g7 Ne7 55. Kf4 Ke6 56. Bb2 Kf7 57. Kg5 Nc6 58. Kxh5 d4 59. Kg4 Kxg7 60. Kf4 Kg6 61. Ke4 a5 62. a4 d3 63. Ke3 bxa4 64. b5 a3 65. Bxa3 Ne5 66. Bc5 a4 67. Bd4 Nc4+ 68. Kxd3 Nd6 69. b6 Kh5 70. Bf6 a3 71. Kc2 a2 72. Kb3 Ne4 73. Bb2 Kxh4 74. Kxa2 Nc5 75. Ka3 Kg5 76. Kb4 Nd7 77. b7 Kf5 78. Kb5 Ke6 79. Bc1 Kd6 80. Bf4+ Ke7 81. Kc6 Kd8 82. Bg3 Ke7 83. Kc7 Nc5 84. Bd6+ 1-0

[Event "19th Mikhail Chigorin Memorial"]
[Site "Sochi URS"]
[Date "1985.??.??"]
[Round "?"]
[White "Haik, Aldo"]
[Black "Vera, Reynaldo"]
[WhiteElo "2455"]
[BlackElo "2480"]
[Result "1/2-1/2"]
[EventDate "1985.??.??"]
[PlyCount "68"]

1. Nf3 Nf6 2. g3 d5 3. Bg2 e6 4. O-O Be7 5. b3 O-O 6. Bb2 b6 7. c4 Bb7 8. e3 dxc4 9. bxc4 c5 10. Qe2 Nc6 11. Rd1 Qc7 12. Na3 a6 13. Nc2 b5 14. Rab1 Rab8 15. d4 cxd4 16. cxb5 axb5 17. Ncxd4 Nxd4 18. Bxd4 Bd5 19. Ne5 Bxg2 20. Kxg2 Qb7+ 21. Kg1 b4 22. Nd3 Qa6 23. Qb2 Rfc8 24. Be5 Rb5 25. Bxf6 Bxf6 26. Nxb4 Qa5 27. Qd2 Bc3 28. Qd6 Bxb4 29. Rxb4 Rxb4 30. Qxb4 Qxa2 31. Qd4 h6 32. h4 Qc4 33. Qd7 Qc7 34. Qxc7 Rxc7 1/2-1/2

[Event "19th Mikhail Chigorin Memorial"]
[Site "Sochi URS"]
[Date "1985.??.??"]
[Round "?"]
[White "Haik, Aldo"]
[Black "Tseitlin, Mikhail"]
[WhiteElo "2455"]
[BlackElo "2445"]
[Result "1-0"]
[EventDate "1985.??.??"]
[PlyCount "35"]

1. d4 f5 2. Nf3 Nf6 3. h3 d6 4. g4 g6 5. Nc3 Bg7 6. Qd3 Nc6 7. d5 Ne5 8. Nxe5 dxe5 9. gxf5 e4 10. Nxe4 Nxe4 11. Qxe4 Bxf5 12. Qc4 e6 13. Bg2 O-O 14. Be3 Bxb2 15. Rb1 Qf6 16. O-O Rae8 17. Bc5 Rf7 18. Qb5 1-0

[Event "19th Mikhail Chigorin Memorial"]
[Site "Sochi URS"]
[Date "1985.??.??"]
[Round "?"]
[White "Horvath, Jozsef"]
[Black "Agzamov, Georgy"]
[WhiteElo "2520"]
[BlackElo "2590"]
[Result "0-1"]
[EventDate "1985.??.??"]
[PlyCount "144"]

1. e4 e5 2. Nf3 Nc6 3. Bb5 a6 4. Ba4 Nf6 5. O-O Nxe4 6. d4 b5 7. Bb3 d5 8. dxe5 Be6 9. Be3 Nc5 10. Qe2 Nxb3 11. axb3 Be7 12. Rd1 Qc8 13. Nc3 Nb4 14. Bg5 c5 15. Bxe7 Kxe7 16. Qd2 Rd8 17. Ne2 Bg4 18. c3 Bxf3 19. gxf3 Nc6 20. Qe3 d4 21. cxd4 Nxd4 22. Nxd4 cxd4 23. Rxd4 Rxd4 24. Qxd4 Kf8 25. Qe4 Kg8 26. f4 g6 27. f5 gxf5 28. Qg2+ Kf8 29. Kh1 Rb8 30. Rd1 Rb6 31. Qd5 Rg6 32. b4 Kg7 33. Qc5 Qa8+ 34. Qd5 Qxd5+ 35. Rxd5 Rg4 36. Rd7 Re4 37. Ra7 Rxe5 38. Rxa6 Re4 39. Rd6 Rxb4 40. Rd2 Kf6 41. Kg2 Ke5 42. Kf3 Rb3+ 43. Ke2 Ke4 44. Rc2 h5 45. Rd2 f6 46. Rc2 f4 47. Rd2 f3+ 48. Ke1 f5 49. Rc2 Kf4 50. Rd2 Rb4 51. h3 Ke4 52. Rc2 Rb3 53. Kd1 Kf4 54. Rd2 Rb4 55. Ke1 Rc4 56. Rd3 Re4+ 57. Kf1 Ra4 58. Ke1 Rc4 59. Rb3 Re4+ 60. Kf1 Rd4 61. Kg1 b4 62. Kh1 Rd1+ 63. Kh2 Rd4 64. Kh1 h4 65. Kg1 Re4 66. Kh2 Ke5 67. Kg1 Kf4 68. Kh2 Kg5 69. Kg1 Re1+ 70. Kh2 Rd1 71. Rxf3 Rd2 72. b3 f4 0-1

[Event "19th Mikhail Chigorin Memorial"]
[Site "Sochi URS"]
[Date "1985.??.??"]
[Round "?"]
[White "Horvath, Jozsef"]
[Black "Haik, Aldo"]
[WhiteElo "2520"]
[BlackElo "2455"]
[Result "1-0"]
[EventDate "1985.??.??"]
[PlyCount "81"]

1. e4 e5 2. Nf3 Nc6 3. Bb5 d6 4. d4 Bd7 5. Bxc6 Bxc6 6. Nc3 f6 7. Be3 Ne7 8. Qe2 Ng6 9. h4 h5 10. O-O-O Bd7 11. dxe5 fxe5 12. Ng5 c6 13. g3 b5 14. Rdf1 Be7 15. Kb1 Qc7 16. Nd1 Bf6 17. f4 a6 18. Nf2 exf4 19. gxf4 O-O-O 20. Qd2 Rhf8 21. Nd3 Rde8 22. Rfg1 Bg4 23. Qg2 Bxg5 24. hxg5 d5 25. e5 Bf5 26. Nc5 d4 27. Bd2 Qb6 28. Ne4 h4 29. Nd6+ Kb8 30. Re1 h3 31. Qg3 Ne7 32. Qa3 d3 33. cxd3 Nd5 34. Ka1 Re7 35. Nxf5 Rxf5 36. Rxh3 c5 37. Rc1 Nxf4 38. Rh8+ Kb7 39. d4 Ne6 40. Bc3 cxd4 41. Qxe7+ 1-0

[Event "19th Mikhail Chigorin Memorial"]
[Site "Sochi URS"]
[Date "1985.??.??"]
[Round "?"]
[White "Horvath, Jozsef"]
[Black "Pigusov, Evgeny"]
[WhiteElo "2520"]
[BlackElo "2455"]
[Result "1/2-1/2"]
[EventDate "1985.??.??"]
[PlyCount "86"]

1. e4 c5 2. Nf3 d6 3. d4 cxd4 4. Nxd4 Nf6 5. Nc3 a6 6. Be2 e5 7. Nb3 Be7 8. O-O O-O 9. Be3 Be6 10. Qd2 Nbd7 11. a4 Rc8 12. a5 Qc7 13. Rfd1 Rfd8 14. Bf3 Nc5 15. Nxc5 dxc5 16. Qe1 Rxd1 17. Qxd1 h6 18. Qe1 c4 19. Bb6 Qc6 20. Rd1 Bb4 21. Qe3 Nd7 22. Nd5 Bxd5 23. exd5 Qd6 24. Bg4 Nxb6 25. axb6 Rd8 26. Qe4 c3 27. bxc3 Bxc3 28. Qc4 Bd4 29. Qc7 Qxb6 30. Qxb6 Bxb6 31. Rb1 Bd4 32. Rxb7 Rxd5 33. Be2 e4 34. g4 Rd6 35. Kg2 Rf6 36. f3 a5 37. Rb5 exf3+ 38. Bxf3 Bb6 39. c4 a4 40. c5 Bc7 41. Rb7 Bxh2 42. c6 Bf4 43. Bd5 g6 1/2-1/2

[Event "19th Mikhail Chigorin Memorial"]
[Site "Sochi URS"]
[Date "1985.??.??"]
[Round "?"]
[White "Pigusov, Evgeny"]
[Black "Haik, Aldo"]
[WhiteElo "2455"]
[BlackElo "2455"]
[Result "1/2-1/2"]
[EventDate "1985.??.??"]
[PlyCount "82"]

1. Nf3 c5 2. c4 g6 3. d4 cxd4 4. Nxd4 Bg7 5. e4 Nc6 6. Be3 Nf6 7. Nc3 O-O 8. Be2 b6 9. O-O Bb7 10. f3 Nh5 11. Nb3 f5 12. Qd2 f4 13. Bf2 Be5 14. c5 Rb8 15. Rfd1 Nf6 16. Nd5 e6 17. Nxf6+ Qxf6 18. cxb6 axb6 19. Rab1 Ba8 20. Nd4 Nxd4 21. Bxd4 Bc6 22. Qc3 Bxd4+ 23. Qxd4 Qxd4+ 24. Rxd4 Ra8 25. a3 Rfb8 26. Rc1 b5 27. Rb4 Ra4 28. Rb3 Rb7 29. Rc5 b4 30. Rc4 bxa3 31. Rxb7 a2 32. Rb8+ Kf7 33. Rc1 a1=Q 34. Rxa1 Rxa1+ 35. Kf2 Rb1 36. g3 g5 37. gxf4 gxf4 38. e5 Rh1 39. Kg2 Re1 40. Kf2 Rh1 41. Kg2 Re1 1/2-1/2

[Event "19th Mikhail Chigorin Memorial"]
[Site "Sochi URS"]
[Date "1985.??.??"]
[Round "?"]
[White "Pigusov, Evgeny"]
[Black "Tseitlin, Mikhail"]
[WhiteElo "2455"]
[BlackElo "2445"]
[Result "1-0"]
[EventDate "1985.??.??"]
[PlyCount "87"]

1. Nf3 Nf6 2. c4 g6 3. d4 Bg7 4. g3 c6 5. Bg2 O-O 6. Nc3 d6 7. O-O Nbd7 8. e4 e5 9. h3 Re8 10. Re1 a5 11. Rb1 exd4 12. Nxd4 Nc5 13. Bf4 Ne6 14. Nxe6 Bxe6 15. Bxd6 Bxc4 16. b3 Be6 17. Na4 Nd7 18. Rc1 Nb6 19. Nc5 Qc8 20. Kh2 a4 21. Re2 axb3 22. axb3 Nd7 23. Nxe6 fxe6 24. b4 Qd8 25. b5 cxb5 26. e5 Ra7 27. Rc7 Bf8 28. Qd4 Ra4 29. Qb2 Rc4 30. Rxb7 Nc5 31. Bxc5 Rxc5 32. Rxb5 Rxb5 33. Qxb5 Qb8 34. Qc6 Qc8 35. Qe4 Bg7 36. h4 Qc5 37. f4 Rd8 38. Rc2 Qb5 39. Rc7 Rd7 40. Rc8+ Bf8 41. Qc2 Ra7 42. Qd2 Qd7 43. Qc2 Ra2 44. Rxf8+ 1-0

[Event "19th Mikhail Chigorin Memorial"]
[Site "Sochi URS"]
[Date "1985.??.??"]
[Round "?"]
[White "Sveshnikov, Evgeny"]
[Black "Arkhipov, Sergey"]
[WhiteElo "2530"]
[BlackElo "2550"]
[Result "1-0"]
[EventDate "1985.??.??"]
[PlyCount "93"]

1. Nf3 Nf6 2. g3 c5 3. Bg2 Nc6 4. d4 d5 5. O-O e6 6. c4 Be7 7. dxc5 O-O 8. cxd5 Qxd5 9. Nc3 Qxd1 10. Rxd1 Bxc5 11. Bg5 Be7 12. Nd4 Nxd4 13. Rxd4 e5 14. Rd2 Rb8 15. Nb5 Bb4 16. Rc2 a6 17. a3 Bf5 18. Rc4 Be7 19. Nc3 Rbc8 20. Bxf6 gxf6 21. Nd5 Bd8 22. Rxc8 Bxc8 23. Rc1 Bg4 24. Kf1 Bd7 25. Ne3 b5 26. Bb7 a5 27. Bc8 Bxc8 28. Rxc8 Bb6 29. Rc6 Bd4 30. b3 a4 31. bxa4 bxa4 32. Nf5 Bb2 33. Ra6 Bxa3 34. Rxa4 Bc5 35. Rg4+ Kh8 36. Nh6 Be7 37. Kg2 Bd8 38. Kf3 Bb6 39. e3 Ba5 40. Ke4 Bb4 41. Kf5 Be7 42. h4 Bd8 43. e4 Be7 44. Nxf7+ Rxf7 45. Ke6 Rf8 46. Kxe7 Ra8 47. Kxf6 1-0

[Event "19th Mikhail Chigorin Memorial"]
[Site "Sochi URS"]
[Date "1985.??.??"]
[Round "?"]
[White "Sveshnikov, Evgeny"]
[Black "Eingorn, Vereslav"]
[WhiteElo "2530"]
[BlackElo "2525"]
[Result "1/2-1/2"]
[EventDate "1985.??.??"]
[PlyCount "101"]

1. e4 e6 2. d4 d5 3. e5 c5 4. c3 Nc6 5. Nf3 Qb6 6. a3 c4 7. Nbd2 Bd7 8. Rb1 Na5 9. Be2 Ne7 10. Nf1 Qb3 11. Bf4 Ba4 12. Qxb3 Bxb3 13. Ne3 Ng6 14. Bg3 h5 15. h4 Be7 16. Ng5 Bd8 17. Nh3 Nc6 18. Nf4 Nxf4 19. Bxf4 Ne7 20. Bg5 Ng6 21. Bxd8 Rxd8 22. g3 Ba4 23. Kd2 Kd7 24. Rbf1 Ne7 25. Ng2 Rh6 26. Nf4 Rdh8 27. Rb1 b6 28. Rhe1 Nc6 29. Rg1 Ne7 30. Rbe1 Ke8 31. Nh3 Nc6 32. Nf4 Ne7 33. Bf1 Kd7 34. Bh3 Ke8 35. Re3 R8h7 36. Rf3 Nc6 37. Bf1 Nd8 38. Be2 Nc6 39. Bf1 Nd8 40. Re3 Nc6 41. Be2 Ne7 42. Rf3 Rh8 43. Rb1 Nc6 44. Re3 Ne7 45. Bf3 Kd7 46. Ree1 Ke8 47. Rg1 Kd7 48. Be2 Ke8 49. Rg2 R8h7 50. Rbg1 Rh8 51. Rh1 1/2-1/2

[Event "19th Mikhail Chigorin Memorial"]
[Site "Sochi URS"]
[Date "1985.??.??"]
[Round "?"]
[White "Sveshnikov, Evgeny"]
[Black "Vaisser, Anatoly"]
[WhiteElo "2530"]
[BlackElo "2490"]
[Result "1/2-1/2"]
[EventDate "1985.??.??"]
[PlyCount "30"]

1. e4 e6 2. d4 d5 3. e5 c5 4. c3 Nc6 5. Nf3 Qb6 6. a3 c4 7. Nbd2 Bd7 8. Be2 Na5 9. O-O Ne7 10. Re1 h6 11. Qc2 O-O-O 12. Rb1 Kb8 13. Bd1 Qc7 14. Nf1 Nc8 15. Be3 Nb6 1/2-1/2

[Event "19th Mikhail Chigorin Memorial"]
[Site "Sochi URS"]
[Date "1985.??.??"]
[Round "?"]
[White "Vaisser, Anatoly"]
[Black "Barlov, Dragan"]
[WhiteElo "2490"]
[BlackElo "2430"]
[Result "1/2-1/2"]
[EventDate "1985.??.??"]
[PlyCount "32"]

1. d4 d5 2. c4 c6 3. Nf3 Nf6 4. Nc3 e6 5. cxd5 cxd5 6. Bf4 Nc6 7. e3 Bd6 8. Bxd6 Qxd6 9. Bd3 O-O 10. O-O Bd7 11. Rc1 Rac8 12. Qe2 Rfd8 13. h3 Nb4 14. Bb1 Nc6 15. Bd3 Nb4 16. Bb1 Nc6 1/2-1/2

[Event "19th Mikhail Chigorin Memorial"]
[Site "Sochi URS"]
[Date "1985.??.??"]
[Round "?"]
[White "Vaisser, Anatoly"]
[Black "Eingorn, Vereslav"]
[WhiteElo "2490"]
[BlackElo "2525"]
[Result "1/2-1/2"]
[EventDate "1985.??.??"]
[PlyCount "36"]

1. Nf3 Nf6 2. c4 e6 3. d4 b6 4. g3 Ba6 5. b3 Bb4+ 6. Bd2 Be7 7. Bg2 c6 8. Bc3 d5 9. Nbd2 O-O 10. Ne5 Nfd7 11. Nxd7 Nxd7 12. O-O Rc8 13. e4 b5 14. Re1 dxc4 15. bxc4 bxc4 16. Qa4 Bb5 17. Qc2 Re8 18. a4 Ba6 1/2-1/2

[Event "19th Mikhail Chigorin Memorial"]
[Site "Sochi URS"]
[Date "1985.??.??"]
[Round "?"]
[White "Vaisser, Anatoly"]
[Black "Gulko, Boris"]
[WhiteElo "2490"]
[BlackElo "2475"]
[Result "1/2-1/2"]
[EventDate "1985.??.??"]
[PlyCount "165"]

1. d4 Nf6 2. c4 e6 3. Nc3 Bb4 4. e3 O-O 5. Bd3 d5 6. Nf3 Nc6 7. O-O a6 8. h3 h6 9. a3 dxc4 10. Bxc4 Bd6 11. e4 e5 12. Be3 Qe7 13. Re1 exd4 14. Bxd4 Nxd4 15. Qxd4 Bc5 16. Qd2 Rd8 17. Qc2 Be6 18. Bxe6 Qxe6 19. Nd5 Bb6 20. Nxb6 Qxb6 21. Re3 c6 22. Nh4 Rd7 23. e5 Nd5 24. Rg3 Ne7 25. Re1 Qd4 26. Nf5 Nxf5 27. Qxf5 Re8 28. Qf6 g6 29. b4 Rd6 30. Qf5 Kf8 31. Qe4 Qxe4 32. Rxe4 Rd5 33. Rge3 Ke7 34. g4 Red8 35. Kg2 Rd2 36. Rf3 R8d3 37. Ree3 Rxe3 38. Rxe3 Ke6 39. Kg3 g5 40. f4 gxf4+ 41. Kxf4 Rd4+ 42. Kg3 Rd5 43. Kf4 a5 44. bxa5 Rxa5 45. h4 Ra4+ 46. Kg3 b5 47. h5 c5 48. Rb3 Kxe5 49. Rxb5 Rxa3+ 50. Kf2 Kf4 51. Rxc5 Ra2+ 52. Kf1 Kxg4 53. Rc6 Kg5 54. Rc7 f6 55. Rg7+ Kxh5 56. Rg8 Rb2 57. Kg1 Rc2 58. Kf1 Rd2 59. Kg1 Re2 60. Kf1 Rc2 61. Kg1 Rd2 62. Kf1 Ra2 63. Kg1 Rb2 64. Kf1 Rb5 65. Ra8 Kg5 66. Kg2 Rb2+ 67. Kf3 Rb3+ 68. Kf2 Rb4 69. Kf3 h5 70. Rc8 h4 71. Rg8+ Kf5 72. Ra8 Rb3+ 73. Kf2 Kg5 74. Kg2 Rg3+ 75. Kf2 Kg4 76. Rg8+ Kh3 77. Rf8 Rg6 78. Kf3 Kh2 79. Kf2 Rg2+ 80. Kf1 Rg6 81. Kf2 h3 82. Rf7 Rg2+ 83. Kf1 1/2-1/2

[Event "19th Mikhail Chigorin Memorial"]
[Site "Sochi URS"]
[Date "1985.??.??"]
[Round "?"]
[White "Vaisser, Anatoly"]
[Black "Horvath, Jozsef"]
[WhiteElo "2490"]
[BlackElo "2520"]
[Result "1/2-1/2"]
[EventDate "1985.??.??"]
[PlyCount "91"]

1. d4 Nf6 2. c4 e6 3. Nc3 Bb4 4. e3 O-O 5. Nge2 d5 6. a3 Be7 7. cxd5 exd5 8. b4 c6 9. Ng3 b5 10. Rb1 a5 11. Qc2 axb4 12. axb4 Bd6 13. Bd3 Qe7 14. Qb2 Na6 15. Na2 Ne4 16. O-O f5 17. Bd2 Rf6 18. f4 Rh6 19. Bxe4 fxe4 20. Be1 Bd7 21. Ne2 Nc7 22. Nac1 Ne6 23. Bg3 Rf8 24. Ra1 Rhf6 25. Ra7 g5 26. f5 Rxf5 27. Rxf5 Rxf5 28. Bxd6 Qxd6 29. Ng3 Rf7 30. Qc3 Nf8 31. Nb3 Qf6 32. Qe1 Qg6 33. Ra2 h5 34. Rf2 Be8 35. Rxf7 Bxf7 36. Nc5 h4 37. Ne2 Qg7 38. h3 Bh5 39. Nc1 Qf6 40. Qf2 Qg7 41. N1b3 Be8 42. Na5 Nd7 43. Ne6 Qg6 44. Nc7 Bf7 45. Nb7 Nf6 46. Nd6 1/2-1/2

[Event "19th Mikhail Chigorin Memorial"]
[Site "Sochi URS"]
[Date "1985.??.??"]
[Round "?"]
[White "Vaisser, Anatoly"]
[Black "Pigusov, Evgeny"]
[WhiteElo "2490"]
[BlackElo "2455"]
[Result "1/2-1/2"]
[EventDate "1985.??.??"]
[PlyCount "36"]

1. d4 Nf6 2. c4 e6 3. Nc3 d5 4. cxd5 exd5 5. Bg5 c6 6. e3 Be7 7. Bd3 O-O 8. Qc2 Nbd7 9. Nge2 Re8 10. O-O Nf8 11. Bxf6 Bxf6 12. b4 a6 13. Na4 Be7 14. Nc5 Bd6 15. Bf5 b6 16. Bxc8 Rxc8 17. Nd3 Rc7 18. Qd2 Nd7 1/2-1/2

[Event "19th Mikhail Chigorin Memorial"]
[Site "Sochi URS"]
[Date "1985.??.??"]
[Round "?"]
[White "Vera, Reynaldo"]
[Black "Gulko, Boris"]
[WhiteElo "2480"]
[BlackElo "2475"]
[Result "0-1"]
[EventDate "1985.??.??"]
[PlyCount "58"]

1. d4 Nf6 2. c4 g6 3. Nc3 d5 4. Nf3 Bg7 5. Bg5 Ne4 6. cxd5 Nxg5 7. Nxg5 e6 8. Nf3 exd5 9. e3 O-O 10. b4 Be6 11. Rc1 Nd7 12. Bd3 a6 13. O-O Qe7 14. a3 Nb6 15. Na4 Nc4 16. Nc5 Nb2 17. Qc2 Nxd3 18. Qxd3 Bf5 19. Qb3 c6 20. a4 Rfc8 21. b5 axb5 22. axb5 b6 23. Na4 Qa7 24. Nc3 Bd3 25. Nxd5 Bxf1 26. bxc6 Be2 27. c7 Rxc7 28. Nxc7 Qxc7 29. Qc2 Bc4 0-1

[Event "19th Mikhail Chigorin Memorial"]
[Site "Sochi URS"]
[Date "1985.??.??"]
[Round "?"]
[White "Vera, Reynaldo"]
[Black "Horvath, Jozsef"]
[WhiteElo "2480"]
[BlackElo "2520"]
[Result "1-0"]
[EventDate "1985.??.??"]
[PlyCount "93"]

1. e4 c5 2. c3 d5 3. exd5 Qxd5 4. d4 e6 5. Nf3 Nf6 6. Na3 Qd8 7. Nc2 Be7 8. Bd3 O-O 9. Qe2 Nbd7 10. Bf4 a6 11. Ne5 b5 12. Nc6 Qe8 13. a4 c4 14. Be4 Nxe4 15. Qxe4 Nb6 16. axb5 Bb7 17. Be5 axb5 18. Rxa8 Bxa8 19. Qg4 g6 20. Nxe7+ Qxe7 21. Qg3 Qb7 22. Ne3 Qe4 23. O-O f5 24. Qg5 Nd7 25. f3 Qd3 26. Bd6 Re8 27. h4 e5 28. Rd1 Qe2 29. dxe5 Bc6 30. Rf1 Nxe5 31. Nxf5 Nf7 32. Qg3 Qe6 33. Nd4 Qxd6 34. Qxd6 Nxd6 35. Nxc6 Re2 36. Rf2 Re1+ 37. Rf1 Re2 38. Rf2 Re1+ 39. Kh2 Nf5 40. Na7 Nxh4 41. Nxb5 Nf5 42. Na3 Ne3 43. Kg3 Kf7 44. Nc2 Nf5+ 45. Kf4 Re7 46. g4 Nd6 47. Rd2 1-0

[Event "19th Mikhail Chigorin Memorial"]
[Site "Sochi URS"]
[Date "1985.??.??"]
[Round "?"]
[White "Vera, Reynaldo"]
[Black "Pigusov, Evgeny"]
[WhiteElo "2480"]
[BlackElo "2455"]
[Result "1/2-1/2"]
[EventDate "1985.??.??"]
[PlyCount "46"]

1. d4 Nf6 2. c4 e6 3. Nc3 d5 4. cxd5 exd5 5. Bg5 c6 6. Qc2 Be7 7. e3 Nbd7 8. Nf3 O-O 9. Bd3 Re8 10. O-O Nf8 11. Bxf6 Bxf6 12. b4 Bg4 13. Nd2 Be7 14. Rab1 Bd6 15. Rfe1 Rc8 16. Bf5 Bxf5 17. Qxf5 a6 18. Na4 Rc7 19. Nc5 Rce7 20. Nf3 Qc7 21. Rbc1 Nd7 22. Nxd7 Qxd7 23. Qxd7 Rxd7 1/2-1/2

[Event "19th Mikhail Chigorin Memorial"]
[Site "Sochi URS"]
[Date "1985.??.??"]
[Round "?"]
[White "Vera, Reynaldo"]
[Black "Vaisser, Anatoly"]
[WhiteElo "2480"]
[BlackElo "2490"]
[Result "1/2-1/2"]
[EventDate "1985.??.??"]
[PlyCount "81"]

1. d4 Nf6 2. Nf3 e6 3. g3 b5 4. Bg2 Bb7 5. Qd3 b4 6. c4 Be7 7. O-O c5 8. Nbd2 cxd4 9. Nxd4 Bxg2 10. Kxg2 Na6 11. N2b3 O-O 12. Bf4 Qb6 13. Rac1 Nc5 14. Nxc5 Bxc5 15. Nb3 Be7 16. e4 d6 17. Rfd1 Rfd8 18. f3 Rac8 19. Be3 Qa6 20. c5 Qxd3 21. Rxd3 d5 22. Bd2 dxe4 23. Rxd8+ Bxd8 24. Bxb4 Nd5 25. Ba5 exf3+ 26. Kxf3 Bxa5 27. Nxa5 Kf8 28. a3 Ke7 29. b4 a6 30. Nc4 f6 31. Rd1 Rf8 32. Rd3 Kd7 33. Nb6+ Kc6 34. Ke4 Re8 35. Nc4 h5 36. Nd6 Rb8 37. Kd4 Nxb4 38. axb4 Rxb4+ 39. Ke3 Kxc5 40. Ne8 Rb7 41. Rc3+ 1/2-1/2

[Event "19th Mikhail Chigorin Memorial"]
[Site "Sochi URS"]
[Date "1985.??.??"]
[Round "?"]
[White "Tseitlin, Mikhail"]
[Black "Arkhipov, Sergey"]
[WhiteElo "2445"]
[BlackElo "2550"]
[Result "1/2-1/2"]
[EventDate "1985.??.??"]
[PlyCount "91"]

1. d4 Nf6 2. Nf3 c5 3. c3 Qc7 4. Bg5 Ne4 5. Bh4 cxd4 6. cxd4 Nc6 7. e3 Qa5+ 8. Nfd2 e5 9. Bd3 Nxd2 10. Nxd2 Bb4 11. a3 Bxd2+ 12. Qxd2 Qxd2+ 13. Kxd2 d6 14. d5 Ne7 15. e4 Ng6 16. Bg3 Bd7 17. Rac1 Kd8 18. f3 Nf4 19. Bxf4 exf4 20. g3 fxg3 21. hxg3 Rc8 22. Rxc8+ Bxc8 23. f4 f6 24. Ke3 h6 25. Kd4 Re8 26. Be2 Bf5 27. Bf3 Bg6 28. Re1 Rf8 29. b4 Rf7 30. Bg4 Rc7 31. e5 fxe5+ 32. fxe5 b5 33. Bf3 Rc4+ 34. Ke3 dxe5 35. Kf2 e4 36. Be2 Rd4 37. Bxb5 Rxd5 38. Be2 Kc7 39. Ke3 Rg5 40. g4 Re5 41. Rc1+ Kb6 42. Rc8 Be8 43. Rb8+ Kc7 44. Ra8 Kb6 45. Rb8+ Kc7 46. Ra8 1/2-1/2

[Event "19th Mikhail Chigorin Memorial"]
[Site "Sochi URS"]
[Date "1985.??.??"]
[Round "?"]
[White "Tseitlin, Mikhail"]
[Black "Eingorn, Vereslav"]
[WhiteElo "2445"]
[BlackElo "2525"]
[Result "0-1"]
[EventDate "1985.??.??"]
[PlyCount "160"]

1. e4 e6 2. d4 d5 3. Nd2 c5 4. Ngf3 cxd4 5. Nxd4 Nc6 6. Nxc6 bxc6 7. c4 Nf6 8. cxd5 cxd5 9. Bb5+ Bd7 10. Qe2 Bb4 11. exd5 Nxd5 12. O-O O-O 13. Nf3 Bxb5 14. Qxb5 Be7 15. Qe2 Bf6 16. Ne5 Rc8 17. Rd1 Qc7 18. Ng4 Be7 19. g3 Qc2 20. Qxc2 Rxc2 21. Ne3 Nxe3 22. Bxe3 Bf6 23. Bxa7 Bxb2 24. Rab1 Ba3 25. Rb5 Ra8 26. Ra5 Bb4 27. Rb5 Rxa2 28. Be3 Ba3 29. Rd3 h6 30. Rb7 Re2 31. Rdd7 Rf8 32. Kg2 Rc2 33. Bb6 Rc6 34. h4 h5 35. Be3 Rd6 36. Rdc7 Rd5 37. Rb3 Bd6 38. Rd7 Rb8 39. Rbb7 Rxb7 40. Rxb7 Be5 41. Rb4 Kh7 42. Rc4 Kg6 43. Kf3 Kf5 44. Ke2 Ra5 45. Kf3 Rd5 46. Ra4 f6 47. Ra7 g6 48. Ra4 Rb5 49. Kg2 Bd6 50. Rc4 e5 51. Rc8 Ba3 52. Rc6 Bb2 53. Rd6 Rb4 54. Kf3 Rb3 55. Kg2 Ra3 56. Bh6 Ra7 57. Be3 Ra4 58. Kf3 Ba1 59. Bc5 Rc4 60. Bb6 Bb2 61. Be3 Rc3 62. Kg2 Ba3 63. Ra6 Rd3 64. Rb6 Be7 65. Rb7 Bd8 66. Ra7 Rd5 67. Ra6 Ba5 68. Rc6 Rd3 69. Ra6 Be1 70. Ra1 Bb4 71. Ra4 Ba3 72. Ra6 Bb2 73. Rb6 Ba1 74. Ra6 Rd1 75. Kf3 Rg1 76. Ra4 g5 77. hxg5 fxg5 78. Rb4 Bc3 79. Rc4 e4+ 80. Ke2 Re1# 0-1

[Event "19th Mikhail Chigorin Memorial"]
[Site "Sochi URS"]
[Date "1985.??.??"]
[Round "?"]
[White "Tseitlin, Mikhail"]
[Black "Foisor, Ovidiu"]
[WhiteElo "2445"]
[BlackElo "2430"]
[Result "1/2-1/2"]
[EventDate "1985.??.??"]
[PlyCount "85"]

1. d4 Nf6 2. Nf3 e6 3. Bg5 c5 4. e3 h6 5. Bh4 b6 6. Nbd2 Bb7 7. c3 Be7 8. Bd3 cxd4 9. cxd4 Nc6 10. O-O O-O 11. a3 Nh5 12. Bxe7 Nxe7 13. Rc1 f5 14. Qe2 Rc8 15. Ba6 Rxc1 16. Rxc1 Qb8 17. Ne5 Nf6 18. h3 Rc8 19. Rxc8+ Qxc8 20. Bxb7 Qxb7 21. Qc4 Qc8 22. f3 d6 23. Nd3 Qxc4 24. Nxc4 Nc8 25. a4 Kf7 26. Kf2 Ke7 27. g4 g6 28. gxf5 gxf5 29. Nf4 a6 30. Ke2 b5 31. axb5 axb5 32. Na3 Na7 33. Kd3 e5 34. Ng6+ Ke6 35. dxe5 dxe5 36. f4 exf4 37. Nxf4+ Ke5 38. Ng6+ Ke6 39. Nc2 Nc6 40. Nd4+ Nxd4 41. Kxd4 Ne4 42. Nf4+ Kd6 43. Ng6 1/2-1/2

[Event "19th Mikhail Chigorin Memorial"]
[Site "Sochi URS"]
[Date "1985.??.??"]
[Round "?"]
[White "Tseitlin, Mikhail"]
[Black "Vaisser, Anatoly"]
[WhiteElo "2445"]
[BlackElo "2490"]
[Result "1/2-1/2"]
[EventDate "1985.??.??"]
[PlyCount "54"]

1. Nf3 Nf6 2. d4 d5 3. c4 dxc4 4. e3 a6 5. Bxc4 e6 6. O-O c5 7. a3 b5 8. Ba2 Bb7 9. Nc3 Be7 10. dxc5 Qxd1 11. Rxd1 Bxc5 12. b4 Ba7 13. Ne5 Nbd7 14. Nxd7 Nxd7 15. Bb2 Ke7 16. a4 bxa4 17. Ba3 Rhc8 18. Nxa4 Ke8 19. Rac1 Rxc1 20. Rxc1 Rc8 21. Rxc8+ Bxc8 22. Nb2 Bb8 23. Nc4 Ne5 24. Bb2 Nxc4 25. Bxc4 g6 26. f4 Kd7 27. g4 Kc6 1/2-1/2

[Event "19th Mikhail Chigorin Memorial"]
[Site "Sochi URS"]
[Date "1985.??.??"]
[Round "?"]
[White "Tseitlin, Mikhail"]
[Black "Vera, Reynaldo"]
[WhiteElo "2445"]
[BlackElo "2480"]
[Result "1/2-1/2"]
[EventDate "1985.??.??"]
[PlyCount "25"]

1. Nf3 Nf6 2. d4 d5 3. e3 g6 4. c4 Bg7 5. cxd5 O-O 6. h3 Nxd5 7. e4 Nb6 8. Nc3 c5 9. Be3 cxd4 10. Bxd4 Nc6 11. Bxg7 Kxg7 12. Bb5 Qc7 13. Bxc6 1/2-1/2